000
00272nam a2200109Ia 4500
008
220204s9999 xx 000 0 und d
082
_a
327(540)(47)
_b
JAG
100
_a
Jagjit singh Anand
245
0
_a
Indo-Soviet relations
260
_a
Delhi
_b
Sterling
_c
1979
942
_c
BK
999
_c
32192
_d
32192